| 000 | 00569nam a2200217Ia 4500 | ||
|---|---|---|---|
| 005 | 20250508164150.0 | ||
| 008 | 008 250505s9999 xx 000 0 eng d | ||
| 020 | _a1-58488-511-4 | ||
| 037 | _aReference | ||
| 040 |
_aFEDL _beng _cFEDL |
||
| 041 |
_aeng _2eng |
||
| 084 |
_a530, ROG _qFEDL |
||
| 100 | _aRogalski Mircea S | ||
| 245 | 0 | _aAdvanced university physics | |
| 250 | _a2 | ||
| 260 |
_aBoca Raton _bCRC Press _c2006 |
||
| 300 | _axii,1006p | ||
| 700 |
_a Palmer Stuart B _9777567 |
||
| 942 |
_cREF _h530, ROG |
||
| 999 |
_c1387411 _d1387411 |
||